| 000 | 00640pam a2200205 a 4500 | ||
|---|---|---|---|
| 001 | 2842692 | ||
| 005 | 20250117121855.0 | ||
| 008 | 841113t19851984mouaf b 001 0 eng c | ||
| 020 | _a9780801646850 | ||
| 050 | 0 | 0 |
_aQR46 _b.C35 1985 |
| 082 | 0 | 0 |
_a616/.01 _219 |
| 100 | 1 |
_aSmith, Alice Lorraine, _d1920- |
|
| 245 | 1 | 0 |
_aPrinciples of microbiology / _cAlice Lorraine Smith. |
| 250 | _a10th ed. | ||
| 260 |
_aSt. Louis : _bTimes Mirror/Mosby College Pub., _c1985, |
||
| 300 |
_axx, 929, 16, 31 p., 4 p. of plates : _bill. (some col.) ; _c27 cm. |
||
| 650 | 0 | _aMedical microbiology. | |
| 650 | 2 | _aMicrobiology. | |
| 942 |
_2lcc _cBK _e10th ed. _n0 |
||
| 999 |
_c2621 _d2621 |
||